LEADER 01083nam a2200265 a 4500 001 000000138986 003 CaOOAMICUS 005 20140625132551.0 008 140625s1980 it u000 u ita r 040 $aPUL$bita 245 03$aIl corpo insegnante e la filosofia /$cF. Bonicalzi ... [et al.] ; a cura di Gianfranco Dalmasso. 260 $aMilano :$bJaca Book,$c1980. 300 $a177 p. ;$c23 cm 490 1 $aDi fronte e attraverso ;$v55 504 $aBibliografia in nota. 650 4$aInsegnamento.$0(OLS)http://pul/subject/1726 700 1 $aDalmasso, Gianfranco,$d1943-$0(OLS)http://pul/name/26756 700 1 $aBonicalzi, Francesca.$0(OLS)http://pul/name/3099 830 0$aDi fronte e attraverso ;$v55.$0(OLS)http://pul/title/138 850 $aPUL 852 $aPUL$W1$xDP1 Filosofia 1$y19$m590 I 7$j160458$qStampati$B159901$CPULBib$Z2$F159901 $H48165 $82 941 1 $a8 996 $6245$aIl corpo insegnante e la filosofia$9(OLS)http://pul/title/116352 996 $6260$aMilano :$bJaca Book$9(OLS)http://pul/publisher/47900 LEADER 01284nam a2200313 a 4500 001 000000169024 003 CaOOAMICUS 005 20180910105925.0 008 180910s1994 fr u000 u fre r 020 $a2070325547* 032 $aLibriCat 040 $aPUL$bita 041 1 $afre$ager 100 1 $aProust, Marcel,$d1871-1922.$0(OLS)http://pul/name/59148 245 10$aEssais et articles /$cMarcel Proust ; édition établie par Pierre Clarac et Yves Sandre ; présentation da Thierry Laget. 260 $aParis :$bGallimard,$c1994. 300 $axix, 499 p. ;$c18 cm. 490 1 $aFolio/essais ;$v236 700 1 $aLaget, Thierry,$d1959-$0(OLS)http://pul/name/108900 700 1 $aClarac, Pierre,$d1894-1986.$0(OLS)http://pul/name/87760 700 1 $aSandre, Yves, $d1913-2012.$0(OLS)http://pul/name/108899 830 0$aFolio / essais ;$v236.$0(OLS)http://pul/title/169193 850 $aPUL 852 $aPUL$W1$xDP1 Fondo Dalla Palma$y117$m9 C 5$j44597$qFondi$B196985$CPULBib$Z2$F196985 $HDal522 $81 941 1 $a1 996 $6020$a2070325547*$9(OLS)http://pul/number/164605 996 $6245$aEssais et articles$9(OLS)http://pul/title/209568 996 $6260$aParis :$bGallimard$9(OLS)http://pul/publisher/48435